| 000 | 00635nam a22002057a 4500 | ||
|---|---|---|---|
| 003 | 0 | ||
| 005 | 20240910133000.0 | ||
| 008 | 240910b xxu||||| |||| 00| 0 eng d | ||
| 020 | _a978-1-266-13678-8 | ||
| 050 |
_aQD 31.3 _b.B87 2024 |
||
| 100 | _aBurdge, Julia | ||
| 245 |
_aChemistry _batoms first _cJulia Burdge |
||
| 250 | _aFifth edition | ||
| 260 |
_aNew York _bMcGraw Hill, LLC _c2024 |
||
| 300 |
_axxxiv, 1205 pages : _bcolored illustrations and pictures ; _c28cm. |
||
| 504 | _aIncludes bibliographical references, glossary, and index. | ||
| 650 | _aChemistry. | ||
| 650 | _aChemistry--Textbooks. | ||
| 942 |
_2lcc _cBK |
||
| 999 |
_c366205 _d366205 |
||